000 00577nam a22002537a 4500
001 26113
003 UA-OsUOA
005 20211120213506.0
007 ta
008 20040513b un ||||| |||| 00| 0 ukr d
020 _a966-7379-47-7
040 _aUA-OsUOA
_bukr
_cUA-OsUOA
_dUA-OsUOA
041 _aukr
044 _aUA
080 _a396.9
090 _a396.9
_bП78
100 _aПашко А.
245 _aЗ поглядом у майбутнє
260 _aЛьвів
_bЛогос
_c2001
300 _a184 с.
650 7 _2UDC
942 _cBK
_2udc
955 _a0
999 _c312425
_d312425